000
00196nam a2200085Ia 4500
008
120527s9999 xx 000 0 und d
100
_a
Timko & Hoff
245
_a
Philosophies for living
942
_c
BK
999
_c
27468
_d
27468